[Event "IRL-ch"]
[Site "Dublin"]
[Date "2020.08.01"]
[Round "1"]
[White "Wallace, Paul Anthony"]
[Black "Mirza, Diana"]
[Result "1-0"]
[WhiteElo "2168"]
[BlackElo "1939"]
[PlyCount "117"]
[EventDate "2020.08.01"]
[EventType "swiss"]
[EventRounds "9"]
[EventCountry "IRL"]
[SourceTitle "CBM 197 Extra"]
[Source "ChessBase"]
[SourceDate "2020.09.30"]
[SourceVersion "1"]
[SourceVersionDate "2020.09.30"]
[SourceQuality "1"]

1. e4 c5 2. Nf3 e6 3. d4 cxd4 4. Nxd4 a6 5. Bd3 Nf6 6. 0-0 Qc7 7. Qe2 d5 8. e5 Nfd7 9. Bf4 Nc6 10. Nxc6 bxc6 11. c4 g6 12. Nd2 Bg7 13. Nf3 0-0 14. Rac1 Qb8 15. cxd5 cxd5 16. Rc2 Bb7 17. Rfc1 Nb6 18. Qe3 Nc4 19. Bxc4 dxc4 20. Nd2 Bd5 21. Qe2 Qb7 22. f3 Qb5 23. Nxc4 Bxc4 24. Rxc4 Rac8 25. b3 Rxc4 26. Rxc4 h5 27. Rc2 Qxe2 28. Rxe2 Rc8 29. Re4 Rc5 30. Ra4 Rc6 31. Kf2 g5 32. Bxg5 Bxe5 33. Rc4 Rd6 34. h3 Kg7 35. Ke2 Rd5 36. Bf4 Kf6 37. Ke3 Ra5 38. a4 Bxf4+ 39. Rxf4+ Kg6 40. Rb4 e5 41. Rb6+ f6 42. Ke4 h4 43. Rd6 Kg5 44. f4+ exf4 45. Rd5+ Rxd5 46. Kxd5 f3 47. gxf3 Kf4 48. b4 Kxf3 49. b5 axb5 50. axb5 Kg3 51. b6 Kxh3 52. b7 Kh2 53. b8Q+ Kg2 54. Qb2+ Kh1 55. Qxf6 h3 56. Qf1+ Kh2 57. Qf2+ Kh1 58. Qf3+ Kh2 59. Qg4 1-0

[Event "Bunratty Masters 27th"]
[Site "Bunratty"]
[Date "2020.02.23"]
[Round "5"]
[White "Kanyamarala, Trisha"]
[Black "Wallace, Paul Anthony"]
[Result "1-0"]
[WhiteElo "2299"]
[BlackElo "2155"]
[PlyCount "86"]
[EventDate "2020.02.21"]
[EventType "swiss"]
[EventRounds "6"]
[EventCountry "IRL"]
[SourceTitle "EXT 2023"]
[Source "ChessBase"]
[SourceDate "2022.10.05"]
[SourceVersion "1"]
[SourceVersionDate "2022.10.05"]
[SourceQuality "1"]

1. d4 Nf6 2. c4 g6 3. Nc3 Bg7 4. e4 d6 5. h3 0-0 6. Be3 e5 7. d5 c6 8. Qd2 cxd5 9. cxd5 a6 10. a4 Qa5 11. Bd3 Nbd7 12. Nge2 Nc5 13. Bc2 Qb4 14. 0-0 Bd7 15. Nc1 a5 16. N1a2 Qb6 17. Rab1 Rfc8 18. b4 axb4 19. Rxb4 Qa5 20. Rfb1 b6 21. Qd1 Rab8 22. R1b2 Be8 23. Qb1 Nfd7 24. Bd2 Bf8 25. Nc1 Qa7 26. N1e2 Be7 27. Ng3 Qa8 28. Nf1 Na6 29. R4b3 Nac5 30. Ra3 Nb7 31. Be3 Na5 32. Nd2 Qa6 33. Bd3 Qa7 34. Bb5 Bd8 35. Qf1 Be7 36. Ba6 Rd8 37. Bb5 Rdc8 38. Qb1 Bd8 39. Na2 Kf8 40. Nb4 Nc5 41. Bh6+ Ke7 42. Bg5+ Kf8 43. Bxd8 Rxd8 1-0

[Event "EUR-chT Seniors 50"]
[Site "Mali Losinj"]
[Date "2019.09.20"]
[Round "3.6"]
[White "Wallace, Paul Anthony"]
[Black "Burchardt, Brigitte"]
[Result "1-0"]
[WhiteElo "2153"]
[BlackElo "2092"]
[PlyCount "131"]
[EventDate "2019.09.18"]
[EventType "team-swiss"]
[EventRounds "9"]
[EventCountry "CRO"]
[SourceTitle "EXT 2020"]
[Source "ChessBase"]
[SourceDate "2019.10.17"]
[SourceVersion "1"]
[SourceVersionDate "2019.10.17"]
[SourceQuality "1"]
[WhiteTeam "Ireland 50"]
[BlackTeam "Germany (Women) 50"]
[WhiteTeamCountry "IRL"]
[BlackTeamCountry "GER"]

1. e4 c5 2. Nf3 d6 3. d4 cxd4 4. Nxd4 Nf6 5. Nc3 a6 6. Bg5 Nbd7 7. f4 e6 8. Qf3 Qc7 9. 0-0-0 Be7 10. Bd3 h6 11. Bh4 Nb6 12. Bf2 Bd7 13. Rhe1 0-0-0 14. Kb1 g6 15. Qe2 Na4 16. Nxa4 Bxa4 17. Bxa6 d5 18. Bb5 Bxb5 19. Nxb5 Qa5 20. exd5 Nxd5 21. Bd4 Rhg8 22. Be5 Rd7 23. c4 Nb6 24. Rxd7 Nxd7 25. Rd1 Nxe5 26. Qxe5 Qb6 27. Nd6+ Bxd6 28. Qxd6 Qxd6 29. Rxd6 Kc7 30. Rd2 g5 31. fxg5 Rxg5 32. Kc2 f5 33. g3 h5 34. Kc3 h4 35. Rd3 hxg3 36. hxg3 e5 37. Kb4 f4 38. gxf4 exf4 39. Rf3 Rg2 40. b3 Rxa2 41. Rxf4 Rh2 42. Rf7+ Kc6 43. Rf6+ Kc7 44. Kb5 Rh5+ 45. c5 Rh3 46. Rf7+ Kb8 47. b4 Rh6 48. Rd7 Kc8 49. Rd6 Rh4 50. Ka5 Rc4 51. Rh6 Kc7 52. Rh7+ Kc8 53. b5 Rxc5 54. Kb6 Rg5 55. Rh8+ Kd7 56. Rb8 Rh5 57. Rxb7+ Kc8 58. Ka7 Rh1 59. Rb8+ Kc7 60. b6+ Kc6 61. Rc8+ Kd7 62. Rc2 Kd6 63. b7 Ra1+ 64. Kb8 Rh1 65. Ra2 Kc6 66. Ka8 1-0

[Event "Bunratty Masters 26th"]
[Site "Bunratty"]
[Date "2019.02.23"]
[Round "4"]
[White "Fitzsimons, David"]
[Black "Wallace, Paul Anthony"]
[Result "1-0"]
[WhiteElo "2301"]
[BlackElo "2151"]
[PlyCount "55"]
[EventDate "2019.02.22"]
[EventType "swiss"]
[EventRounds "6"]
[EventCountry "IRL"]
[SourceTitle "EXT 2024"]
[Source "ChessBase"]
[SourceDate "2023.10.10"]
[SourceVersion "1"]
[SourceVersionDate "2023.10.10"]
[SourceQuality "1"]

1. e4 e5 2. Nf3 Nc6 3. Bc4 Nf6 4. d3 Bc5 5. 0-0 d6 6. c3 a6 7. Bb3 Ba7 8. Nbd2 0-0 9. h3 Ne7 10. Re1 Ng6 11. Nf1 Be6 12. Ng3 Qd7 13. d4 Bxb3 14. Qxb3 h6 15. Be3 Rfe8 16. Qc2 c6 17. Rad1 Qc7 18. Nf5 exd4 19. Bxh6 d5 20. e5 Ne4 21. cxd4 gxh6 22. Nxh6+ Kf8 23. Qc1 Re6 24. Rxe4 dxe4 25. Ng5 Rae8 26. Nf5 Rxe5 27. Nh7+ Kg8 28. Nf6+ 1-0

[Event "IRL-ch"]
[Site "Dublin"]
[Date "2018.08.09"]
[Round "6"]
[White "Melaugh, Gavin"]
[Black "Wallace, Paul Anthony"]
[Result "1/2-1/2"]
[WhiteElo "2029"]
[BlackElo "2202"]
[PlyCount "85"]
[EventDate "2018.08.04"]
[EventType "swiss"]
[EventRounds "9"]
[EventCountry "IRL"]
[SourceTitle "CBM 185 Extra"]
[Source "ChessBase"]
[SourceDate "2018.07.29"]
[SourceVersion "1"]
[SourceVersionDate "2018.07.29"]
[SourceQuality "1"]

1. e4 e5 2. Bc4 Nf6 3. d4 Nc6 4. d5 Nb8 5. Nc3 Bb4 6. f3 d6 7. Be3 a5 8. Nge2 Na6 9. 0-0 0-0 10. Na4 Bd7 11. Bxa6 Rxa6 12. c3 Bxa4 13. Qxa4 Bc5 14. Bxc5 dxc5 15. Qb5 Qd6 16. Nc1 Nd7 17. Nd3 Rfa8 18. Rae1 c6 19. dxc6 bxc6 20. Qc4 Nb6 21. Qxc5 Qxd3 22. Qxc6 Nc4 23. Qb7 Nd6 24. Qd5 Qxd5 25. exd5 f6 26. b3 Rc8 27. c4 a4 28. Rc1 axb3 29. axb3 Ra3 30. c5 Nb5 31. b4 Nc3 32. d6 Ne2+ 33. Kf2 Nxc1 34. Rxc1 Rd3 35. Ra1 Rb8 36. Ra7 Kf8 37. d7 Rxb4 38. c6 Rb2+ 39. Kg3 Rc2 40. c7 Rxc7 41. Rxc7 g6 42. d8Q+ Rxd8 43. Rxh7 1/2-1/2

[Event "IRL-ch"]
[Site "Dublin"]
[Date "2018.08.08"]
[Round "5"]
[White "Wallace, Paul Anthony"]
[Black "O'Neill, Paul Sean"]
[Result "1/2-1/2"]
[WhiteElo "2202"]
[BlackElo "1985"]
[PlyCount "146"]
[EventDate "2018.08.04"]
[EventType "swiss"]
[EventRounds "9"]
[EventCountry "IRL"]
[SourceTitle "CBM 185 Extra"]
[Source "ChessBase"]
[SourceDate "2018.07.29"]
[SourceVersion "1"]
[SourceVersionDate "2018.07.29"]
[SourceQuality "1"]

1. e4 d5 2. exd5 Nf6 3. d4 Nxd5 4. Nf3 Bg4 5. Be2 e6 6. 0-0 Be7 7. Ne5 Bxe2 8. Qxe2 0-0 9. c4 Nf6 10. Rd1 c6 11. Nc3 Nbd7 12. Bf4 Qa5 13. a3 Rfd8 14. b4 Qa6 15. b5 cxb5 16. Nxb5 Rac8 17. a4 b6 18. Nf3 Qb7 19. Bd6 Bf8 20. Ne5 Ne4 21. Bxf8 Nxf8 22. Qf3 f6 23. d5 exd5 24. cxd5 Nxf2 25. Nc6 Nxd1 26. Nxd8 Rxd8 27. Rxd1 a6 28. Nc3 b5 29. axb5 axb5 30. Ne4 Ng6 31. h3 Ne5 32. Qb3 Nc4 33. Qg3 Kf8 34. Nc5 Qb6 35. Qf2 Kf7 36. Qd4 Rc8 37. Nb3 Qxd4+ 38. Nxd4 Ne3 39. Rb1 Nxd5 40. Nxb5 Rc2 41. Nd4 Rd2 42. Rb7+ Ne7 43. Nf5 Re2 44. Kf1 Re5 45. Nxe7 Rxe7 46. Rb5 Re5 47. Rb7+ Kg6 48. Kf2 h5 49. h4 Ra5 50. Kg3 Ra6 51. Kf3 Kh6 52. Rc7 g5 53. hxg5+ fxg5 54. Rc8 Ra3+ 55. Kf2 h4 56. Rc6+ Kh5 57. Rc4 Ra5 58. Rb4 g4 59. Rb1 g3+ 60. Kg1 Ra4 61. Rc1 Kg4 62. Rb1 Kf4 63. Rf1+ Ke3 64. Re1+ Kf4 65. Rf1+ Kg4 66. Rb1 h3 67. gxh3+ Kxh3 68. Rc1 Ra3 69. Rb1 Kg4 70. Kg2 Ra2+ 71. Kg1 Kh3 72. Rc1 Rg2+ 73. Kh1 Ra2 1/2-1/2

[Event "IRL-ch"]
[Site "Dublin"]
[Date "2018.08.06"]
[Round "3"]
[White "Wallace, Paul Anthony"]
[Black "Cafolla, Peter"]
[Result "0-1"]
[WhiteElo "2202"]
[BlackElo "1955"]
[PlyCount "59"]
[EventDate "2018.08.04"]
[EventType "swiss"]
[EventRounds "9"]
[EventCountry "IRL"]
[SourceTitle "CBM 185 Extra"]
[Source "ChessBase"]
[SourceDate "2018.07.29"]
[SourceVersion "1"]
[SourceVersionDate "2018.07.29"]
[SourceQuality "1"]

1. e4 c5 2. Nf3 Nc6 3. d4 cxd4 4. Nxd4 Nf6 5. Nc3 e5 6. Ndb5 d6 7. Bg5 a6 8. Na3 b5 9. Nd5 Qa5+ 10. Bd2 Qd8 11. Bd3 Nxd5 12. exd5 Ne7 13. c4 g6 14. cxb5 Bg7 15. 0-0 0-0 16. Bb4 Rb8 17. Qd2 Nxd5 18. Ba5 Bh6 19. Qxh6 Qxa5 20. Nc4 Qd8 21. bxa6 Bxa6 22. Rfd1 Qf6 23. b3 Nf4 24. Rac1 Bb7 25. Bf1 d5 26. Ne3 d4 27. Nc4 Rfe8 28. h4 Nh3+ 29. gxh3 Qf3 30. Kh2 0-1

[Event "Heraklion op 20th"]
[Site "Heraklion"]
[Date "2017.04.21"]
[Round "6"]
[White "Wallace, Paul Anthony"]
[Black "Vitsaxakis, Nikolaos"]
[Result "1-0"]
[WhiteElo "2231"]
[BlackElo "1726"]
[PlyCount "57"]
[EventDate "2017.04.17"]
[EventType "swiss"]
[EventRounds "9"]
[EventCountry "GRE"]
[SourceTitle "CBM 177 Extra"]
[Source "ChessBase"]
[SourceDate "2017.04.27"]
[SourceVersion "1"]
[SourceVersionDate "2017.04.27"]
[SourceQuality "1"]

1. e4 e5 2. f4 d5 3. exd5 exf4 4. Nf3 Bd6 5. d4 Ne7 6. c4 b6 7. Bd3 0-0 8. 0-0 c6 9. dxc6 Nbxc6 10. Nc3 Bg4 11. Bxh7+ Kh8 12. Be4 f5 13. Bxc6 Nxc6 14. Kh1 Qe8 15. Nb5 Rd8 16. Nxd6 Rxd6 17. d5 g5 18. Qe1 Bxf3 19. gxf3 Qxe1 20. Rxe1 Nd4 21. b3 Nc2 22. Re7 Kg8 23. Bb2 Rf7 24. Re8+ Kh7 25. Rg1 g4 26. fxg4 f3 27. gxf5 Kh6 28. Rh8+ Rh7 29. Bc1+ 1-0